LEAN: (Record no. 190580)

MARC details
000 -LEADER
fixed length control field 00733nam a22002297a 4500
005 - DATE AND TIME OF LATEST TRANSACTION
control field 20230320123759.0
010 ## - LCCN (DPL NO)
LC control number ENG-134073
020 ## - INTERNATIONAL STANDARD BOOK NUMBER
International Standard Book Number 9788185984759
Terms of availability 1500.00
035 ## - SYSTEM CONTROL NUMBER
System control number EN-117605
037 ## - SOURCE OF ACQUISITION
Source of stock number/acquisition DBAD/PUB
082 ## - DEWEY DECIMAL CLASSIFICATION NUMBER
Classification number 658.4013
100 ## - MAIN ENTRY--PERSONAL NAME
Personal name Petersson, Per
245 ## - TITLE STATEMENT
Title LEAN:
Remainder of title Turn Deviations Into Success!/
Statement of responsibility, etc Per Petersson [et.all....]
260 ## - PUBLICATION, DISTRIBUTION, ETC. (IMPRINT)
Name of publisher, distributor, etc Productivity & Quality Publishing Pvt. Ltd.
Date of publication, distribution, etc 2010
270 ## - ADDRESS
Telephone number 00914424344519
Fax number 00914424342009
Electronic mail address service@kkbooks.com
300 ## - PHYSICAL DESCRIPTION
Extent 219p.
Dimensions 25cm(Hbk)
Other physical details Appendix, Biblography, Glossary & Index
700 ## - ADDED ENTRY--PERSONAL NAME
Personal name Johansson, Ola
700 ## - ADDED ENTRY--PERSONAL NAME
Personal name Broma, Martin
700 ## - ADDED ENTRY--PERSONAL NAME
Personal name Blucher, Dan
700 ## - ADDED ENTRY--PERSONAL NAME
Personal name Alsterman, Henric
942 ## - ADDED ENTRY ELEMENTS (KOHA)
Source of classification or shelving scheme Dewey Decimal Classification
Item type English Books
Classification part 658.4013
Call number suffix PET
Holdings
Withdrawn status Lost status Not for loan Collection code Home library Current library Date acquired Source of acquisition Cost, normal purchase price Full call number Barcode Copy number Cost, replacement price Koha item type
      Non-fiction Katevara Katevara 28/07/2022 DBAD/PUB 1500.00 658.4013 PET EN-117605 1 1500.00 English Books

© Delhi Public Library
Hit Counter
free hit counter